| 000 | 00934nam a22002897ia4500 | ||
|---|---|---|---|
| 005 | 20210912211604.0 | ||
| 008 | 210912s2020 my o|||b |||| 00| 0 may d | ||
| 020 |
_a9789672333012 _qset |
||
| 020 |
_a9789672333050 _cRM39.90 _qpaperback |
||
| 040 |
_aPPAK _beng _cPPAK _erda |
||
| 082 | 0 | 4 |
_223 _a551.6 |
| 090 | 0 | 0 |
_a551.6 _bMOH _dK |
| 100 | 0 |
_aMohd Zamri Jaya, _d1974- _eauthor. |
|
| 245 | 1 | 0 |
_aPEMANASAN GLOBAL MENINGKAT / _cMOHD ZAMRI JAYA |
| 264 | 1 |
_aTanjung Karang, Selangor : _bWaridah Resources, _c2020 |
|
| 300 |
_a40 pages : _bcolour photograph ; _c26 cm |
||
| 336 |
_2rdacontent _atext |
||
| 337 |
_2rdamedia _aunmediated |
||
| 338 |
_2rdacarrier _avolume |
||
| 490 | 1 | _aRISIKO PERUBAHAN IKLIM DUNIA | |
| 500 | _aIncludes questions and exercises. | ||
| 650 | 1 | 0 | _aClimatic changes |
| 650 | 2 | 0 | _aGlobal warming |
| 650 | 2 | 0 | _aGlobal temperature changes |
| 830 | 0 | _aRisiko perubahan iklim dunia | |
| 942 |
_2ddc _cB |
||
| 999 |
_c184908 _d184908 |
||